| 000 | 00643nam a2200241Ia 4500 | ||
|---|---|---|---|
| 005 | 20260121112412.0 | ||
| 008 | 5707 260114s9999 xx 000 0 eng d | ||
| 020 | _a9789814458924 | ||
| 037 | _aEBOOK | ||
| 040 |
_aCRL _beng _cCRL |
||
| 041 |
_aeng _2eng |
||
| 084 | _qCRL | ||
| 100 |
_aFarmakis Ioannis Et Al _9957037 |
||
| 245 | 0 | _aFixed Point Theorems and Their Applications | |
| 260 | _bWorld Scientific | ||
| 260 | _bWSPC | ||
| 260 | _c2013 | ||
| 650 |
_aMathematics _9957038 |
||
| 856 | _uhttps://www.worldscientific.com/worldscibooks/10.1142/8748#t=toc | ||
| 942 | _cEBOOK | ||
| 999 |
_c1543007 _d1543007 |
||